00272nam a2200109Ia 4500100001100000654001400011245004100025260006100066082001600127300000700143546001200150 aAICTE  aComputers aExploring the Internet C-NO :600 bContinuing Education Programmer AICTEaBangalorec1996 a5.71bAICTE a30 aENGLISH